00787nam a2200241Ia 450000500170000000800410001702000150005804100080007310000280008124501030010925000220021230000330023465000230026765000300029070000330032070000280035326400300038133600270041133700330043833800280047104000350049908400110053420220316235643.0121119s2002 sp a 000 f spa  a84261319210 aspa1 aLindgren, Astridd1907-10aPippi calzaslargascAstrid Lindgren ; ilustraciones, Richard Kennedy ; traducción de Blanca Rios aPrimera edición a137 páginasbilustraciones14aNovela sueca2LEMB14aLiteratura infantil2LEMB1 aKennedy, Richardeilustrador1 aRios, Blancaetraductor aBarcelonabJuventudc2002 atextobtxt2rdacontent asin mediaciónbn2rdamedia avolumenbnc2rdacarrier aCO-BoRNBPbspaerdacCO-BoRNBP aN LIN3